| 000 | 00761nam a22002657a 4500 | ||
|---|---|---|---|
| 003 | UA-OsUOA | ||
| 001 | 29836 | ||
| 007 | ta | ||
| 008 | 20041028b un ||||| |||| 00| 0 ukr d | ||
| 100 | _aМудесити М. П. | ||
| 700 | _aБарда С. И. | ||
| 700 | _aБродавко Р. И. | ||
| 090 |
_a821(100)(091) _bЖ31 |
||
| 942 | _cBK | ||
| 040 |
_aUA-OsUOA _brus _cUA-OsUOA _dUA-OsUOA |
||
| 245 |
_aЖанровые разновидности романа в зарубежной литературе XVIII-XX веков _bУчебное пособие |
||
| 300 | _a148 с. | ||
| 955 | _a2 | ||
| 041 | _arus | ||
| 080 | _a821(100)(091) | ||
| 260 |
_aКиев _bВища школа _c1985 |
||
| 044 | _aUA | ||
| 650 | 7 | _2UDC | |
| 999 |
_c316235 _d316235 |
||